10 Smallest Countries by Continent #1 - Africa - Statistics

General Stats
  • This quiz has been taken 366 times
  • The average score is 9 of 10
Answer Stats
Size Ranking Country % Correct
4,033 sq km 5 Cape Verde
91%
455 sq km 1 Seychelles
90%
1,862 sq km 3 Comoros
87%
2,040 sq km 4 Mauritius
87%
1,001 sq km 2 Sao Tome and Principe
87%
26,388 sq km 9 Rwanda
86%
23,200 sq km 8 Djibouti
85%
10,689 sq km 6 Gambia
84%
17,364 sq km 7 Swaziland
78%
28,051 sq km 10 Equatorial Guinea
76%
No matching quizzes found
Score Distribution
Percent of People with Each Score
Percentile by Number Answered
Your Score History
You have not taken this quiz